Due uomini e una culla /

Guardat en:
Dades bibliogràfiques
Autor principal: Simone, Andrea, (1974-) (Autor)
Format: Llibre
Idioma:italià
Publicat: [Torino] : Golem, 2017
Col·lecció:Mondo ; 29
Etiquetes: Afegir etiqueta
Sense etiquetes, Sigues el primer a etiquetar aquest registre!

MARC

LEADER 00000nam a22000007i 4500
001 IT\ICCU\TO1\0023201
003 ItRI
005 20240118161938.0
008 180320s2017 it |||||| ||||| |||||c
020 |a 9788898771974 
040 |b ita  |c C 
041 7 |a ita  |2 ISO-639-2 
100 1 |a Simone, Andrea,  |d  (1974-)  |0 IT\ICCU\TO1V\003001  |4 aut 
240 1 0 |a Due uomini e una culla  |9 Simone, Andrea <1974-> 
245 1 0 |a Due uomini e una culla /  |c Andrea Simone ; prefazione di Lella Costa. 
260 |a [Torino] :  |b Golem,  |c 2017 
300 |a 173 p. ;  |c 21 cm 
830 0 |a Mondo ;  |v 29  |0 IT\ICCU\TO0\1898323 
942 |2 ddc  |c BK 
952 |0 0  |1 0  |2 ddc  |4 0  |6 306_850945000000000_SIM  |7 1  |9 515  |a RM  |b RM  |d 2024-01-18  |l 0  |o 306.850945 SIM  |p 759  |r 2024-01-18 16:20:17  |w 2024-01-18  |y BK 
981 1 |6 z01  |a i   |b xxxe  
982 1 |6 z01  |a n 
999 |c 438  |d 438